000 01236naa a22003497a 4500
001 BR8004096
003 BR-BrBNA
005 20240918174628.0
007 ta
008 230509b bl.||||| |||| 00| 0 por d
040 _aBR-BrBNA
_bpor
_cBiblioteca Nacional de Agricultura
041 _a(Pt)
072 _aF25
_b0150
_b3840
_bG514
090 _aF25 BR8004096
100 1 _aMachado, M.O.
100 1 _aGomes, A. da S.
100 1 _aRibeiro, A.S.
100 1 _aVahl, L.C.
111 1 _a10. Reuniao da Cultura do Arroz Irrigado
_cPorto Alegre, RS (Brazil)
_d24 Sep 1980
245 1 _aEfeito da aplicacao de calcario e zinco na cultura do arroz irrigado [Oryza sativa; Rio Grande do Sul; Brasil]
260 3 _aPorto Alegre, RS (Brasil):
_c1980.
500 _aAnais da 10. Reuniao da Cultura do Arroz Irrigado Porto Alegre, RS (Brasil): 1980. p. 127-130 (BR8004096-AM)F25
650 _aADUBACAO
650 _aARROZ IRRIGADO
650 _aCALCARIO
650 _aZINCO
650 _aMICROELEMENTO
650 _aRIO GRANDE DO SUL
773 0 _tAnais da 10. Reuniao da Cultura do Arroz Irrigado
_wF25 BR8004096
_gPorto Alegre, RS (Brasil), 1980. p. 127-130
909 _a202404
_bLucia
_c55
_dLucia Elande
942 _cAM
_2AGRIS
999 _c312451
_d312451